<?xml version="1.0" encoding="UTF-8"?>
<marc:record xmlns:marc="http://www.loc.gov/MARC21/slim">
   <marc:leader>00000nam a2200000 a 4500</marc:leader>
   <marc:datafield ind1="1" ind2=" " tag="100">
      <marc:subfield code="a">Graven, Moa</marc:subfield>
      <marc:subfield code="4">aut</marc:subfield>
      <marc:subfield code="e">Verfasser/-in</marc:subfield>
   </marc:datafield>
   <marc:datafield ind1=" " ind2=" " tag="653">
      <marc:subfield code="a">Ostfrieslandkrimi</marc:subfield>
   </marc:datafield>
   <marc:datafield ind1="0" ind2="0" tag="245">
      <marc:subfield code="a">Niemand wird dir vergeben</marc:subfield>
   </marc:datafield>
   <marc:datafield ind1="0" ind2="0" tag="245">
      <marc:subfield code="b">Der 13. Fall für Eva Sturm auf Langeoog</marc:subfield>
   </marc:datafield>
   <marc:datafield ind1="0" ind2="0" tag="245">
      <marc:subfield code="c">Graven, Moa</marc:subfield>
   </marc:datafield>
   <marc:datafield ind1=" " ind2="1" tag="264">
      <marc:subfield code="c">2018</marc:subfield>
   </marc:datafield>
   <marc:datafield ind1="1" ind2=" " tag="520">
      <marc:subfield code="a">EVA STURM ermittelt wieder!&#xD;
Während Eva gemeinsam mit Robert ihre Mutter in Schweden besucht, wird auf Langeoog Hendrik Stiller ermordet. Ein Schock für Eva, die ihren alten Freund noch vor ihrer Abreise am Strand von Langeoog getroffen hat. Bereits da erschien ihr sein Verhalten seltsam.&#xD;
Sie fährt zurück, um den Täter, der Stiller ein Messer in die Brust gerammt hat, zu finden. Ein Journalist vom Festland schreibt einen Artikel über miese Geschäfte mit Billigfisch, der auch auf die Insel geliefert wurde. War Stiller darin verwickelt, indem er diesen Fisch auch für das Hotel, in dem er arbeitete, orderte? Musste er sterben, weil er zu viel wusste?</marc:subfield>
   </marc:datafield>
   <marc:datafield ind1=" " ind2=" " tag="020">
      <marc:subfield code="a">9783946868354</marc:subfield>
      <marc:subfield code="9">9783946868354</marc:subfield>
   </marc:datafield>
   <marc:datafield ind1=" " ind2=" " tag="020">
      <marc:subfield code="a">3946868355</marc:subfield>
      <marc:subfield code="9">3946868355</marc:subfield>
   </marc:datafield>
   <marc:datafield ind1=" " ind2=" " tag="041">
      <marc:subfield code="a">ger</marc:subfield>
   </marc:datafield>
   <marc:datafield ind1=" " ind2=" " tag="338">
      <marc:subfield code="a">Band</marc:subfield>
   </marc:datafield>
   <marc:datafield ind1=" " ind2=" " tag="300">
      <marc:subfield code="a">189 S.</marc:subfield>
   </marc:datafield>
</marc:record>
